[Event "RUS-chT Regions Silent"]
[Site "Zelenograd"]
[Date "2008.09.20"]
[Round "3"]
[White "Kononov, Viktor V"]
[Black "Marievsky, Maxim"]
[Result "1-0"]
[WhiteElo "2102"]
[BlackElo "2124"]
[PlyCount "89"]
[EventDate "2008.09.18"]
[EventType "team-tourn"]
[EventRounds "3"]
[EventCountry "RUS"]
[SourceTitle "EXT 2023"]
[Source "ChessBase"]
[SourceDate "2022.10.05"]
[SourceVersion "1"]
[SourceVersionDate "2022.10.05"]
[SourceQuality "1"]

1. Nf3 Nf6 2. g3 g6 3. Bg2 Bg7 4. 0-0 0-0 5. c4 c5 6. Nc3 Nc6 7. d4 cxd4 8. Nxd4 Nxd4 9. Qxd4 d6 10. Qd2 Qc7 11. b3 a6 12. Bb2 Bd7 13. Rac1 Bc6 14. Nd5 Bxd5 15. cxd5 Qb6 16. Rc4 Rac8 17. Rfc1 Rxc4 18. Rxc4 h5 19. e4 Ne8 20. Bh3 Bxb2 21. Qxb2 Qa5 22. b4 Qa4 23. Qc2 Qxc2 24. Rxc2 Nf6 25. f3 Rb8 26. Rc8+ Rxc8 27. Bxc8 Ne8 28. Bxb7 Nc7 29. a4 Kf8 30. Kf2 Ke8 31. b5 axb5 32. axb5 Kd8 33. b6 Ne8 34. Ke3 Nf6 35. Bc6 e5 36. Kd3 g5 37. Ke3 h4 38. g4 Kc8 39. Kd3 Nh7 40. Kc4 Nf8 41. Kb5 Ng6 42. b7+ Kc7 43. Ka6 Kb8 44. Kb6 Nf4 45. Bb5 1-0

[Event "Chigorin Memorial-B 14th"]
[Site "St Petersburg"]
[Date "2006.10.30"]
[Round "9"]
[White "Kononov, Viktor V"]
[Black "Merzliakov, Evgeniy"]
[Result "0-1"]
[WhiteElo "2078"]
[BlackElo "2209"]
[PlyCount "102"]
[EventDate "2006.10.23"]
[EventType "swiss"]
[EventRounds "9"]
[EventCountry "RUS"]
[SourceTitle "EXT 2007"]
[Source "ChessBase"]
[SourceDate "2006.11.23"]
[SourceVersion "1"]
[SourceVersionDate "2006.11.23"]
[SourceQuality "1"]

1. Nf3 h6 2. c4 g5 3. Nc3 Bg7 4. g3 b6 5. Bg2 Bb7 6. 0-0 e6 7. d4 Ne7 8. h4 gxh4 9. Nxh4 Bxg2 10. Nxg2 Nf5 11. e3 h5 12. Qf3 Nc6 13. Rd1 Qe7 14. Ne2 h4 15. gxh4 Nxh4 16. Nxh4 Qxh4 17. Bd2 0-0-0 18. Bc3 Rdg8 19. Ng3 Kb8 20. Kf1 f5 21. Ke2 Rf8 22. Rh1 Qe7 23. Nh5 Bh6 24. Nf4 Bxf4 25. Qxf4 Rxh1 26. Rxh1 d6 27. Qf3 Nd8 28. Qf4 Qd7 29. b3 e5 30. Qh6 Re8 31. dxe5 dxe5 32. Rd1 Qe7 33. Rd5 Nf7 34. Qc6 Qe6 35. Qxe6 Rxe6 36. c5 Kb7 37. Rd7 Ng5 38. cxb6 axb6 39. Rd5 Nf7 40. f3 Kc6 41. e4 fxe4 42. fxe4 Rd6 43. Bxe5 Re6 44. Bxc7 Rxe4+ 45. Kd3 Kxd5 46. Bxb6 Ne5+ 47. Kc3 Nc6 48. a4 Rh4 49. a5 Rh3+ 50. Kb2 Nb8 51. Ka3 Na6 0-1

[Event "Chigorin Memorial-B 14th"]
[Site "St Petersburg"]
[Date "2006.10.26"]
[Round "5"]
[White "Kononov, Viktor V"]
[Black "Nikolaev, Vadim S"]
[Result "0-1"]
[WhiteElo "2078"]
[BlackElo "2255"]
[PlyCount "92"]
[EventDate "2006.10.23"]
[EventType "swiss"]
[EventRounds "9"]
[EventCountry "RUS"]
[SourceTitle "EXT 2007"]
[Source "ChessBase"]
[SourceDate "2006.11.23"]
[SourceVersion "1"]
[SourceVersionDate "2006.11.23"]
[SourceQuality "1"]

1. Nf3 d5 2. b3 Nf6 3. Bb2 Nbd7 4. g3 b6 5. Bg2 Bb7 6. 0-0 c5 7. d3 Qc7 8. Nbd2 e6 9. e3 Be7 10. Qe2 0-0 11. c4 Rad8 12. Rfd1 Rfe8 13. e4 Bf8 14. e5 Ng4 15. h3 Nh6 16. Nf1 Nf5 17. g4 Ne7 18. N1h2 Ng6 19. Bf1 d4 20. Re1 Qc6 21. Qe4 Qxe4 22. dxe4 Ndxe5 23. Nxe5 Nxe5 24. Rad1 Ng6 25. Bc1 Bd6 26. Bd3 Bf4 27. Bb2 Ne5 28. Re2 f5 29. f3 Bxh2+ 30. Kxh2 Nxf3+ 31. Kg3 fxe4 32. Rxe4 Bxe4 33. Bxe4 Ng5 34. Bc6 e5 35. Re1 Nf7 36. Bc1 h6 37. h4 Re7 38. g5 hxg5 39. hxg5 g6 40. Bd2 Nd6 41. Kg4 e4 42. Bf4 e3 43. Bd5+ Kg7 44. Kf3 Nf5 45. Ke2 Rxd5 46. cxd5 Rd7 0-1

[Event "Chigorin Memorial-B 14th"]
[Site "St Petersburg"]
[Date "2006.10.23"]
[Round "1"]
[White "Kononov, Viktor V"]
[Black "Nikitinyh, Boris Aleksandrovic"]
[Result "1/2-1/2"]
[WhiteElo "2078"]
[BlackElo "2267"]
[PlyCount "81"]
[EventDate "2006.10.23"]
[EventType "swiss"]
[EventRounds "9"]
[EventCountry "RUS"]
[SourceTitle "EXT 2007"]
[Source "ChessBase"]
[SourceDate "2006.11.23"]
[SourceVersion "1"]
[SourceVersionDate "2006.11.23"]
[SourceQuality "1"]

1. Nf3 Nf6 2. g3 c5 3. Bg2 Nc6 4. 0-0 d6 5. c4 Bg4 6. Nc3 Qd7 7. Re1 e5 8. d3 Be7 9. a3 0-0 10. Rb1 Rae8 11. b4 Bd8 12. Nd2 cxb4 13. axb4 a5 14. b5 Nd4 15. b6 Bh3 16. Bh1 Ng4 17. Nf3 f5 18. Nxd4 exd4 19. Nd5 f4 20. Nxf4 Nxf2 21. Kxf2 g5 22. Bd5+ Be6 23. Bf3 gxf4 24. Bxf4 Rxf4 25. gxf4 Bh4+ 26. Kg1 Kh8 27. Kh1 Bxe1 28. Qxe1 a4 29. Qf2 Qg7 30. Rg1 Qf6 31. Bxb7 Rb8 32. Qf3 a3 33. Be4 a2 34. Qh5 Qe7 35. b7 Bxc4 36. f5 Qe5 37. Qg4 Bd5 38. f6 Bxe4+ 39. dxe4 Qxf6 40. Qc8+ Qf8 41. Qc4 1/2-1/2